000 00438nam a22001457a 4500
082 _a347
_bHIS
_cL-32, P-20
100 _aAkhtar, Rafique.,
_937779
245 _aHistory trial Maulana Mohamed Ali and others
_bHistory
260 _aKarachi
_bEast and west publishing company
_c1971
300 _aviii, 418 p.:
526 _a0
_b0
_c0
_d347_000000000000000_HIS
650 _aMCE
_9379
700 _aAkhtar, Rafique.,
_937779
942 _2ddc
_cBK
999 _c542564
_d542564